000 01873nam2a2200253 4500
001 RU\NLR\bibl\1283957
005 20260407191039.0
021 _aRU
_b2008-66754
_93811
035 _a(NLR Aleph) 001269696
090 _a431174
_c431174
100 _a20081014d2008 |||y0rusy50 ca
101 0 _arus
102 _aRU
105 _aa |||||||||
200 0 _aВып. 5
_e[материалы седьмого заседания Совместной комиссии, 14-16 ноября 2007 года]
210 _d2008
_aБ. м.
215 _a111, [1] с., [8] л. цв. ил.
_cил.
461 0 _1001RU\NLR\bibl\1360007
_12001#$aСборник информационно-справочных материалов по вопросам борьбы с незаконной миграцией$vВып. 5
_9927990
_cМосква
_d2008
_fСовмест. комис. государств-участников соглашения о сотрудничестве государств-участников Содружества Независимых Государств в борьбе с незакон. миграцией от 6 марта 1998 г.
_n[б. и.]
_tСборник информационно-справочных материалов по вопросам борьбы с незаконной миграцией
_vВып. 5
711 0 2 _aСовместная комиссия государств-участников Соглашения о сотрудничестве государств-участников Содружества Независимых Государств в борьбе с незаконной миграцией от 6 марта 1998 года
_bЗаседание
_d7
_eДушанбе
_f2007
_9745671
_3RU\NLR\AUTH\8810124014
801 0 _aRU
_bNLR
_c20081014
_gRCR
801 1 _aRU
_bNLR
_c20081014
942 _cBOOK
980 _aNB